| 000 | 00525nam a2200145Ia 4500 | ||
|---|---|---|---|
| 008 | 170221s9999 xx 000 0 und d | ||
| 100 | _aFayez B. Shriedeh | ||
| 245 | _aService Quality as an Antecedent of Brand Equity: Empirical Evidence in the Medical Tourism from Jordan | ||
| 245 | _cFayez B. Shriedeh, Noor Hasmini Abd. Ghani | ||
| 260 | _bInternational Review of Management and Marketing | ||
| 260 | _cFebruary 2016 | ||
| 300 | _a5:1 | ||
| 650 | _xMarketing. | ||
| 856 | _uhttp://www.econjournals.com/index.php/irmm | ||
| 999 |
_c309946 _d309946 |
||